Heat and mass transfer (Record no. 5861)

000 -LEADER
fixed length control field 00529nam a2200205 4500
001 - CONTROL NUMBER
control field 5861
003 - CONTROL NUMBER IDENTIFIER
control field BD-DhUET
008 - FIXED-LENGTH DATA ELEMENTS--GENERAL INFORMATION
fixed length control field 700409m19679999is a b 000 0 eng
040 ## - CATALOGING SOURCE
Original cataloging agency DLC
Transcribing agency DLC
Modifying agency BD-DhUET
082 00 - DEWEY DECIMAL CLASSIFICATION NUMBER
Classification number 621.011
Item number ECK/1959
100 ## - MAIN ENTRY--PERSONAL NAME
Personal name Eckert, R. R. G.
245 00 - TITLE STATEMENT
Title Heat and mass transfer
250 ## - EDITION STATEMENT
Edition statement 2nd ed.
260 ## - PUBLICATION, DISTRIBUTION, ETC. (IMPRINT)
Place of publication, distribution, etc. New York
Name of publisher, distributor, etc. McGraw-Hill
Date of publication, distribution, etc. 1959
300 ## - PHYSICAL DESCRIPTION
Extent xiv, 530p.
490 1# - SERIES STATEMENT
Series statement McGraw-Hill series in mechanical engineering
650 #0 - SUBJECT ADDED ENTRY--TOPICAL TERM
Topical term or geographic name as entry element Heat-Transmission
700 ## - ADDED ENTRY--PERSONAL NAME
Personal name Drake, Robert M.
942 ## - ADDED ENTRY ELEMENTS (KOHA)
Koha item type General Book
Holdings
Source of classification or shelving scheme Shelving location Koha issues (times borrowed) Withdrawn status Copy number Koha date last borrowed Koha date last seen Damaged status Lost status Not for loan Location (home branch) Koha item type Koha full call number Price effective from Date acquired Sublocation or collection (holding branch) Koha normalized classification for sorting Piece designation (barcode)
 Circulation section    2014-11-29   Central Library, BUETGeneral Book621.011/ECK/19592014-11-292014-11-29Central Library, BUET621_011000000000000_ECK_195936668
 Circulation section  2 2014-12-03   Central Library, BUETGeneral Book621.011/ECK/19592014-12-032014-12-03Central Library, BUET621_000000000000000_011ECK195914884
 Circulation section  3 2015-04-12   Central Library, BUETGeneral Book621.011/ECK/19592015-04-122015-04-12Central Library, BUET621_011000000000000_ECK_195911302
 Circulation section  4 2015-04-12   Central Library, BUETGeneral Book621.011/ECK/19592015-04-122015-04-12Central Library, BUET621_011000000000000_ECK_195931276
 Circulation section  5 2015-04-12   Central Library, BUETGeneral Book621.011/ECK/19592015-04-122015-04-12Central Library, BUET621_011000000000000_ECK_195931274
 Circulation section  6 2015-04-12   Central Library, BUETGeneral Book621.011/ECK/19592015-04-122015-04-12Central Library, BUET621_011000000000000_ECK_195931271
 Circulation section  7 2015-04-12   Central Library, BUETGeneral Book621.011/ECK/19592015-04-122015-04-12Central Library, BUET621_011000000000000_ECK_195931272
 Circulation section1 82020-03-022021-11-28   Central Library, BUETGeneral Book621.011/ECK/19592015-04-132015-04-13Central Library, BUET621_011000000000000_ECK_195931277
 Circulation section  9 2015-04-13   Central Library, BUETGeneral Book621.011/ECK/19592015-04-132015-04-13Central Library, BUET621_011000000000000_ECK_195911301
 Circulation section  10 2015-04-13   Central Library, BUETGeneral Book621.011/ECK/19592015-04-132015-04-13Central Library, BUET621_011000000000000_ECK_195911303
 Circulation section  11 2015-04-13   Central Library, BUETGeneral Book621.011/ECK/19592015-04-132015-04-13Central Library, BUET621_011000000000000_ECK_195924625
 Circulation section  12 2015-04-13   Central Library, BUETGeneral Book621.011/ECK/19592015-04-132015-04-13Central Library, BUET621_011000000000000_ECK_19597652
 Circulation section  13 2015-04-13   Central Library, BUETGeneral Book621.011/ECK/19592015-04-132015-04-13Central Library, BUET621_011000000000000_ECK_195924320
 Circulation section  14 2015-04-13   Central Library, BUETGeneral Book621.011/ECK/19592015-04-132015-04-13Central Library, BUET621_011000000000000_ECK_195924976
 Circulation section  15 2015-04-13   Central Library, BUETGeneral Book621.011/ECK/19592015-04-132015-04-13Central Library, BUET621_011000000000000_ECK_195931275
 Reading section  16 2015-06-16   Central Library, BUETGeneral Book621.011/ECK/19592015-06-162015-06-16Central Library, BUET621_011000000000000_ECK_19597655